000 00611nam a2200205Ia 4500
005 20241216011305.0
008 190429s9999||||xx |||||||||||||| ||und||
082 _a669.4
_bS18
100 _aSALAZAR HUERTA VALENTIN
245 0 _aESTUDIO DEL PROCESO PRODUCTIVO DEL PLOMO EN EL PERU
250 _a0
260 _aCERRO DE PASCO-PERU
_bUNDAC
_c1992
300 _a115 pag.
_c30 cm.
341 _h0
490 _v0
_a0
505 _aPLOMO/IMPORTANCIA/HISTORIA/PRODUCCION NACIONAL/MUNDIAL/COTIZ
541 _aD
_bSALAZAR HUERTA, VALENTIN
_d18-Mar-03
_oSoles
650 _aIngenieria Metalurgica
942 _cTESIS
999 _c37824
_d37824